Odevzdanost do Boží prozřetelnosti : milost přítomného okamžiku / Jean-Pierre de Caussade ; [z francouzského originálu ... přeložil Josef Koláček]
Record details
- ISBN: 978-80-86715-88-9
- Physical Description: 142 s. : faksim. ; 21 cm
- Edition: Vyd. 1.
- Publisher: Olomouc : Refugium Velehrad-Roma, 2007
Content descriptions
| Bibliography, etc. Note: | Obsahuje bibliografické odkazy |
| Issuing Body Note: | Vydavatel: Centrum Aletti |
Search for related items by subject
| Genre: | pojednání essays |
Search for related items by series
Available copies
- 1 of 1 copy available at Common Catalog SPOK.
Holds
- 0 current holds with 1 total copy.
Show Only Available Copies
| Location | Call Number / Copy Notes | Barcode | Shelving Location | Status | Due Date |
|---|---|---|---|---|---|
| Jabok Library | ST-4.2 | 424480021447 | Odborná literatura | Available | - |
Electronic resources
Version of Resource: Obsah
| LDR | 02476nam a2200673 a 4500 | ||
|---|---|---|---|
| 001 | 8514 | ||
| 003 | CZ-PrJAB | ||
| 005 | 20170328124626.0 | ||
| 007 | ta | ||
| 008 | 080103s2007 xr h e 000 0 cze | ||
| 015 | . | ‡acnb001785115 | |
| 020 | . | ‡a978-80-86715-88-9 ‡q(brož.) : ‡cKč 130,00 | |
| 035 | . | ‡a(CZ PrNK)nkc20081785115 | |
| 035 | . | ‡a(OCoLC)236553930 | |
| 040 | . | ‡aOLA001 ‡bcze ‡dABA001 | |
| 041 | 1 | . | ‡acze ‡hfre |
| 072 | 7. | ‡a27-5 ‡xLiturgie. Křesťanské umění a symbolika. Duchovní život ‡2Konspekt ‡95 | |
| 080 | . | ‡a27-145.3 ‡2MRF | |
| 080 | . | ‡a27-184.6 ‡2MRF | |
| 080 | . | ‡a27-184 ‡2MRF | |
| 080 | . | ‡a27-584.5 ‡2MRF | |
| 080 | . | ‡a27-584 ‡2MRF | |
| 080 | . | ‡a27-583 ‡2MRF | |
| 080 | . | ‡a272-587 ‡2MRF | |
| 080 | . | ‡a27-789.5-1/-9 ‡2MRF | |
| 080 | . | ‡a(049) ‡2MRF | |
| 100 | 1 | . | ‡aCaussade, Jean-Pierre de, ‡d1675-1751 ‡7mzk2008430426 ‡4aut |
| 245 | 1 | 0. | ‡aOdevzdanost do Boží prozřetelnosti : ‡bmilost přítomného okamžiku / ‡cJean-Pierre de Caussade ; [z francouzského originálu ... přeložil Josef Koláček] |
| 246 | 3 | 0. | ‡aMilost přítomného okamžiku |
| 250 | . | ‡aVyd. 1. | |
| 260 | . | ‡aOlomouc : ‡bRefugium Velehrad-Roma, ‡c2007 | |
| 300 | . | ‡a142 s. : ‡bfaksim. ; ‡c21 cm | |
| 490 | 1 | . | ‡aSocietas ; ‡v29 |
| 504 | . | ‡aObsahuje bibliografické odkazy | |
| 550 | . | ‡aVydavatel: Centrum Aletti | |
| 650 | 0 | 7. | ‡aBoží prozřetelnost ‡7ph224038 ‡2czenas |
| 650 | 0 | 7. | ‡amilost (náboženství) ‡7ph138461 ‡2czenas |
| 650 | 0 | 7. | ‡aBůh a člověk ‡7ph116953 ‡2czenas |
| 650 | 0 | 7. | ‡asvatost ‡7ph126297 ‡2czenas |
| 650 | 0 | 7. | ‡aduchovní život ‡7ph114375 ‡2czenas |
| 650 | 0 | 7. | ‡akontemplativní modlitba ‡7ph121816 ‡2czenas |
| 650 | 0 | 7. | ‡akatolická mystika ‡7ph121530 ‡2czenas |
| 650 | 0 | 7. | ‡ajezuitská spiritualita ‡7ph335399 ‡2czenas |
| 650 | 0 | 9. | ‡aprovidence of God ‡2eczenas |
| 650 | 0 | 9. | ‡agrace ‡2eczenas |
| 650 | 0 | 9. | ‡arelations between God and man ‡2eczenas |
| 650 | 0 | 9. | ‡aholiness ‡2eczenas |
| 650 | 0 | 9. | ‡aspiritual life ‡2eczenas |
| 650 | 0 | 9. | ‡acontemplative prayer ‡2eczenas |
| 650 | 0 | 9. | ‡aCatholic mysticism ‡2eczenas |
| 650 | 0 | 9. | ‡aJesuit spirituality ‡2eczenas |
| 655 | 7. | ‡apojednání ‡7fd133056 ‡2czenas | |
| 655 | 9. | ‡aessays ‡2eczenas | |
| 710 | 2 | . | ‡aJezuité. ‡bČeská provincie. ‡bCentrum Aletti Velehrad-Roma ‡7kn20020906019 |
| 765 | 0 | . | ‡tAbandon à la providence divine ‡9Česky |
| 830 | 0. | ‡aSocietas (Refugium Velehrad-Roma) | |
| 856 | 4 | 1. | ‡yObsah ‡uhttp://toc.nkp.cz/NKC/200803/contents/nkc20081785115_1.pdf |
| 910 | . | ‡aABG312 | |
| 901 | . | ‡a8514 ‡bUnknown ‡c8514 ‡tbiblio | |